000 00460nam a2200193Ia 4500
005 20240913130050.0
008 240913s9999||||xx |||||||||||||| ||und||
041 _aENGLISH
082 _A612 Q8
100 _aKoeppen,Bruce M
245 0 _aBerne & Levy Physiology
250 _a1st
260 _c2018
_bEls
_aJapan
500 _aREFERENCE
650 _aphysiology
_bAllied Health Science
700 _a Stanton,Bruce A
942 _cREF
999 _c246889
_d246889